| 000 | 00429nam a22001457a 4500 | ||
|---|---|---|---|
| 020 | _a9789353065966 | ||
| 082 |
_a658.7 _bCHO |
||
| 100 | _aChopra, Sunil | ||
| 245 |
_aSupply Chain Management: _bStrategy, planning, and Operation / _cSunil Chopra and Dharam Vir Kalra |
||
| 250 | _a7th Edition. | ||
| 260 |
_aUttar Pradesh: _bPearson India Education, _c2019. |
||
| 300 |
_a562 p. ; _c25 cm. |
||
| 563 | _aPBK. | ||
| 942 |
_2ddc _cBK |
||
| 999 |
_c594252 _d594252 |
||